00496nam a2200121Ia 4500008004100000040001700041041001200058082001600070100005200086245015800138260006700296300001100363230917s9999||||xx |||||||||||||| ||und|| e187053aMAIN aEnglish a301.426 I8N aInternational Institute for Population Sciences 0aNational family health survey (MCH and family planning): Northeastern States (Aranuachal Pradesh, Manipur, Meghalaya, Mizoram, Nagaland and Tripura) 1993 aBombaybInternational Institute for Population Scienceesc1995 a334 p.